Zdravý životný štýl a jeho prejavy v spotrebiteľskom správaní bakalárska práca

Na minha lista:
Detalhes bibliográficos
Autor principal: Pavúk, Filip
Autor Corporativo: Obchodná fakulta EU. Katedra marketingu
Outros Autores: Loydlová, Miroslava
Formato: Livro
Idioma:eslovaco
Publicado em: Bratislava 2020
Tags: Adicionar Tag
Sem tags, seja o primeiro a adicionar uma tag!

MARC

LEADER 00000nbm a2200000 4500
001 0266559
005 20201006101445.3
041 0 |a slo 
044 |a SK 
245 1 0 |a Zdravý životný štýl a jeho prejavy v spotrebiteľskom správaní  |b bakalárska práca  |c Filip Pavúk ; školiteľ: Miroslava Loydlová 
264 1 |a Bratislava  |c 2020 
300 |a 59 s. 
100 1 |a Pavúk, Filip 
700 1 |a Loydlová, Miroslava 
710 2 |a Obchodná fakulta EU. Katedra marketingu